| 000 | 00942nam a2200253Ia 4500 | ||
|---|---|---|---|
| 008 | 0000002000 usad 0000000000eng00 | ||
| 090 | _aPSZ00 M37m | ||
| 245 | 1 | 0 | _aMira Schendel |
| 264 | _aNew York : Latincollector | ||
| 300 |
_a[27] h. _c/ 28 cm. |
||
| 500 | _aDocumento en fotocopia a color \ Incluye datos biográficos y cronologĂa del artista \ Proyecto Ganador Programa Apoyos Concertados FGAA 2010 | ||
| 501 | _aFrom behind on some drawings by Mira Schendel / Rodrigo Naves In the void of the world / Sonia Salztein | ||
| 600 | 0 | 0 |
_aSCHENDEL, MIRA, 19191988/ _xTRABAJOS PICTORICOS |
| 650 | 1 | 4 | _aARTE CONTEMPORANEO SUIZO |
| 650 | 1 | 4 | _aARTISTAS PLASTICOS SUIZOS |
| 650 | 1 | 4 | _xCATALOGOS |
| 650 | 1 | 4 | _aPINTORES SUIZOS |
| 650 | 1 | 4 | _aPINTURA (TECNICA MIXTA) |
| 650 | 1 | 4 | _aPINTURA AL OLEO |
| 650 | 1 | 4 | _aPINTURA SUIZA |
| 650 | 1 | 4 | _aTEMPERA |
| 700 | 1 | _aNaves, Rodrigo \ Salztein, Sonia | |
| 999 |
_c12074 _d12074 |
||
| 260 | _c2000 | ||